| 000 | 00424nam a22001697a 4500 | ||
|---|---|---|---|
| 005 | 20160611111625.0 | ||
| 008 | 160611b xxu||||| |||| 00| 0 eng d | ||
| 020 | _a81-7866579-4 | ||
| 041 | _aeng | ||
| 082 | _b6817 | ||
| 100 |
_aManoria, C.B. & Others _91691 |
||
| 245 | _aBusiness Planning and Policy. | ||
| 260 |
_aMumbai _bHimalaya Publishing House _c1987 |
||
| 300 | _a702 | ||
| 650 |
_aManagement _9241 |
||
| 942 | _cBK | ||
| 999 |
_c2385 _d2384 |
||